The media of mass communication / (Record no. 12995)
[ view plain ]
| 000 -LEADER | |
|---|---|
| fixed length control field | 01138cam a22003375a 4500 |
| 001 - CONTROL NUMBER | |
| control field | 14672100 |
| 005 - DATE AND TIME OF LATEST TRANSACTION | |
| control field | 20150805142432.0 |
| 008 - FIXED-LENGTH DATA ELEMENTS--GENERAL INFORMATION | |
| fixed length control field | 061215s2008 mauao f 001 0 eng d |
| 010 ## - LIBRARY OF CONGRESS CONTROL NUMBER | |
| LC control number | 2006100839 |
| 020 ## - INTERNATIONAL STANDARD BOOK NUMBER | |
| International Standard Book Number | 9780205493708 |
| 020 ## - INTERNATIONAL STANDARD BOOK NUMBER | |
| International Standard Book Number | 020549370x |
| 035 ## - SYSTEM CONTROL NUMBER | |
| System control number | (OCoLC)ocm77116803 |
| 035 ## - SYSTEM CONTROL NUMBER | |
| System control number | (OCoLC)77116803 |
| 040 ## - CATALOGING SOURCE | |
| Original cataloging agency | DLC |
| Language of cataloging | eng |
| Transcribing agency | DLC |
| Modifying agency | EG-ScBUE |
| 050 00 - LIBRARY OF CONGRESS CALL NUMBER | |
| Classification number | P90 |
| Item number | .V53 2008 |
| 082 04 - DEWEY DECIMAL CLASSIFICATION NUMBER | |
| Classification number | 302.23 |
| Edition number | 22 |
| Item number | VIV |
| 100 1# - MAIN ENTRY--PERSONAL NAME | |
| Personal name | Vivian, John. |
| 9 (RLIN) | 9698 |
| 245 14 - TITLE STATEMENT | |
| Title | The media of mass communication / |
| Statement of responsibility, etc | John Vivian. |
| 250 ## - EDITION STATEMENT | |
| Edition statement | 8th ed., |
| 260 ## - PUBLICATION, DISTRIBUTION, ETC. (IMPRINT) | |
| Place of publication, distribution, etc | Boston, Massachusetts : |
| Name of publisher, distributor, etc | Pearson Allyn and Bacon, |
| Date of publication, distribution, etc | c.2008. |
| 300 ## - PHYSICAL DESCRIPTION | |
| Extent | xxvii, 516 p. : |
| Other physical details | ill. (some col.), photos, ports. ; |
| Dimensions | 28 cm. |
| 500 ## - GENERAL NOTE | |
| General note | Index : p. 503-513. |
| 504 ## - BIBLIOGRAPHY, ETC. NOTE | |
| Bibliography, etc | Includes bibliographical references . |
| 590 ## - LOCAL NOTE (RLIN) | |
| Local note | Mustafa Galal. |
| 650 #0 - SUBJECT ADDED ENTRY--TOPICAL TERM | |
| Topical term or geographic name as entry element | Mass media. |
| 9 (RLIN) | 9699 |
| Source of heading or term | BUEsh |
| 651 ## - SUBJECT ADDED ENTRY--GEOGRAPHIC NAME | |
| Source of heading or term | BUEsh |
| 653 ## - INDEX TERM--UNCONTROLLED | |
| Resource For college | Communication and mass media |
| Arrived date list | August2015 |
| 856 41 - ELECTRONIC LOCATION AND ACCESS | |
| Materials specified | Table of contents only |
| Uniform Resource Identifier | <a href="http://www.loc.gov/catdir/toc/ecip076/2006100839.html">http://www.loc.gov/catdir/toc/ecip076/2006100839.html</a> |
| 942 ## - ADDED ENTRY ELEMENTS (KOHA) | |
| Source of classification or shelving scheme | Dewey Decimal Classification |
| Item type | Book - Borrowing |
| Withdrawn status | Item status | Source of classification or shelving scheme | Damaged status | Not for loan | Vendor | Home library | Current library | Shelving location | Date acquired | Source of acquisition | Total Checkouts | Total Renewals | Full call number | Barcode | Date last seen | Date last borrowed | Koha item type | Public note |
|---|---|---|---|---|---|---|---|---|---|---|---|---|---|---|---|---|---|---|
| Dewey Decimal Classification | Central Library | Central Library | First floor | 07/12/2009 | Donation | 7 | 11 | 302.23 VIV | 000019056 | 15/07/2025 | 09/12/2019 | Book - Borrowing | Donation | |||||
| Dewey Decimal Classification | Central Library | Central Library | First floor | 05/01/2010 | Donation | 13 | 23 | 302.23 VIV | 000030051 | 15/07/2025 | 27/09/2020 | Book - Borrowing | ||||||
| Dewey Decimal Classification | Central Library | Central Library | First floor | 05/01/2010 | 302.23 VIV | 000030049 | 15/07/2025 | NB - Book (Non borrowing) | ||||||||||
| Dewey Decimal Classification | Central Library | Central Library | First floor | 12/01/2010 | 8 | 35 | 302.23 VIV | 000019457 | 15/07/2025 | 28/10/2019 | Book - Borrowing |